00440nam a2200169Ia 4500003000400000005001700004008004100021020001800062040000700080041000800087082002100095100003200116245005800148260003200206300001800238365001400256OSt20230509151013.0210423s2010 xx 000 0 und d a9781420087116 cAL aeng a641.302 BAGD223 aBAGCHI (Debasis);others,Ed. aBiotechnology in functional foods and nutraceuticals. aBoca RatonbCRC Pressc2010 axviii,573bHB b5200cINR